000 00947nam a22002535i 4500
001 177726
003 ES-MaACL
005 20230906220409.0
008 110414s1948 be f |||| | fre d
080 _a75 Magritte, René
100 1 _aScutenaire, Louis.
_9146196
245 1 0 _aMagritte /
_cpar Scutenaire.
260 _aAnvers :
_bDe Sikkel, pour le Ministere de l'Instruction Publique,
_ccop. 1948.
300 _a13, [24] p. de lám. bl. y n. , [2] h. de lám. col. y n. ;
_c25 cm.
490 1 _aMonographies de l'art belge. Deuxième Série ;
_v11
500 _aÍndice.
500 _aFalta 1 lámina, que ha sido cortada.
504 _aBibliografía: p. 11.
546 _aTexto en francés, leyenda de las ilustraciones en francés y holandés.
600 1 4 _aMagritte, René.
_975517
830 0 _aMonographies de l'art belge. Deuxième Série ;
_v11
_9190568
852 _aES-MaACL
_jE-14916
_xOlim P-972
999 _c177726
_d177726